[Event "Leiden op"]
[Site "Leiden"]
[Date "1993.02.19"]
[Round "1"]
[White "Van Staden Ten Brink, Louis"]
[Black "Schmittdiel, Eckhard"]
[Result "0-1"]
[WhiteElo "1651"]
[BlackElo "2450"]
[PlyCount "74"]
[EventDate "1993.02.19"]
[EventType "swiss"]
[EventRounds "6"]
[EventCountry "NED"]
[SourceTitle "EXT 2003"]
[Source "ChessBase"]
[SourceDate "2002.11.25"]
[SourceVersion "1"]
[SourceVersionDate "2002.11.25"]
[SourceQuality "1"]

1. c4 e5 2. d3 Nc6 3. g3 g6 4. Bg2 Bg7 5. Nc3 Nge7 6. Bg5 h6 7. Bd2 0-0 8. Qc1 Kh7 9. Nh3 Nd4 10. f4 d6 11. e3 Ne6 12. 0-0 c6 13. Kh1 Nc5 14. Qc2 a5 15. Ne4 Nxe4 16. dxe4 Qb6 17. f5 Ng8 18. Qd1 Qxb2 19. Rf2 Qa3 20. Qf1 Nf6 21. Qe2 b6 22. g4 g5 23. Nxg5+ hxg5 24. h4 Bh6 25. Bf3 Ba6 26. Rh2 Kg7 27. Qg2 Bxc4 28. hxg5 Bxg5 29. Be1 Rh8 30. Bh4 Rxh4 31. Rxh4 Bxh4 32. g5 Rh8 33. gxf6+ Kxf6 34. Qh3 Qxe3 35. Rd1 Be2 36. Rxd6+ Ke7 37. Re6+ fxe6 0-1